LEADER 00963nam0-22002891--450- 001 990009438200403321 005 20110930111549.0 035 $a000943820 035 $aFED01000943820 035 $a(Aleph)000943820FED01 035 $a000943820 100 $a20110930d1971----km-y0itay50------ba 101 0 $ager 102 $aDE 105 $ay-------001yy 200 1 $aZweifel des erkennenden Gerichts$eBeitrage zur richterlichen Grundsatzvorlage zur Volkerrechtsverifikation und zur Altrechtsqualifikation durch das Bundesverfassungsgericht, sowie zur Vorabentscheidung im Europarecht$fvon Dian Schefold 210 $aBerlin$cDuncker & Humblot$d1971 215 $a70 p.$d24 cm 676 $a341.26$v21$zita 700 1$aSchefold,$bDian$0513024 801 0$aIT$bUNINA$gRICA$2UNIMARC 901 $aBK 912 $a990009438200403321 952 $aX N4 13$b106785$fFGBC 959 $aFGBC 996 $aZweifel des erkennenden Gerichts$9760859 997 $aUNINA LEADER 01114nam0-2200361---450 001 990009191560403321 005 20220722103720.0 010 $a88-8391-159-8 010 $a978-88-8391-159-0 035 $a000919156 035 $aFED01000919156 035 $a(Aleph)000919156FED01 035 $a000919156 100 $a20100531d2007----km-y0itay50------ba 101 0 $aita 102 $aIT 105 $aa---a---001yy 200 1 $a<>comunicazione dei beni culturali$eil progetto dell'identità visiva di musei, siti archeologici, luoghi della cultura$fCinzia Ferrara 210 $aMilano$cLupetti$d2007 215 $a157 p.$cill.$d20 cm 225 1 $aDesign 610 0 $aPatrimonio culturale$aValorizzazione 610 0 $aMarchi di fabbrica e di commercio$aDesign 610 0 $aMusei$aMarchi$aDesign 676 $a741.6 700 1$aFerrara,$bCinzia$0117642 801 0$aIT$bUNINA$gREICAT$2UNIMARC 901 $aBK 912 $a990009191560403321 952 $a706 FERC 01$b72 Spec. Storia Arte$fFLFBC 959 $aFLFBC 996 $aComunicazione dei beni culturali$9775663 997 $aUNINA